Dopisz kraj do stolicy (TRUDNE) - Statystyki

Ogólne statystyki
  • Ten quiz został rozwiązany 18 razy
  • Średni wynik to 7 z 15
Statystyki odpowiedzi
Hint Odpowiedź % Poprawnych
Vaduz Liechtenstein
100%
Antananarywa Madagaskar
80%
Addis Abeba Etiopia
67%
Bamako Mali
53%
Paramaribo Surinam
53%
Lome Togo
53%
Managua Nikaragua
47%
Muscat Oman
47%
Nassau Bahamy
40%
Yaren Nauru
40%
Port Moresby Papua Nowa Gwinea
40%
Dżuba Sudan Południowy
40%
Manama Bahrain
27%
Majuro Wyspy Marshalla
20%
Kingstown Saint Vincent I Grenadyny
13%
Nie znaleziono quizów pasujących do podanych kryteriów
Rozkład punktacji
Procent ludzi z każdym wynikiem
Percentyl według liczby udzielonych odpowiedzi
Twoja historia wyników
Nie rozwiązałeś tego quizu